000 00431cam a2200169ua 4500
020 _a0-471-14338-3
041 _aeng
_h
082 _a025.524
_bKOR/IN
100 _aKorfhage, Robert R.
245 _aInformation storage and retrieval /
_cRobert R Korfhage.
_hTextual Documents
250 _a1 /
_b.
260 _aLondon :
_bJohn Wiley & Sons ,
_c1997.
300 _a350 ; .
504 _a
942 _cBK
999 _c8955
_d8955